A sixth of humanity : (Record no. 16332)

MARC details
000 -LEADER
fixed length control field 00665nam a22002177a 4500
003 - CONTROL NUMBER IDENTIFIER
control field BDCtgAUW
005 - DATE AND TIME OF LATEST TRANSACTION
control field 20260406180351.0
008 - FIXED-LENGTH DATA ELEMENTS--GENERAL INFORMATION
fixed length control field 260303b ii ||||| |||| 00| 0 eng d
020 ## - INTERNATIONAL STANDARD BOOK NUMBER
International Standard Book Number 9789369891092
040 ## - CATALOGING SOURCE
Original cataloging agency BDCtgAUW
Transcribing agency BDCtgAUW
Modifying agency BDCtgAUW
050 ## - LIBRARY OF CONGRESS CALL NUMBER
Classification number HB3639
Item number .S6412
100 10 - MAIN ENTRY--PERSONAL NAME
Personal name Subramanian, Arvind.
Relator term author
9 (RLIN) 91229
245 ## - TITLE STATEMENT
Title A sixth of humanity :
Remainder of title independent India's development odyssey /
260 ## - PUBLICATION, DISTRIBUTION, ETC.
Place of publication, distribution, etc. India :
Name of publisher, distributor, etc. HarperCollins,
Date of publication, distribution, etc. 2025.
300 ## - PHYSICAL DESCRIPTION
Extent xxi, 761p. ;
Dimensions 22cm.
500 ## - GENERAL NOTE
General note Include index.
650 ## - SUBJECT ADDED ENTRY--TOPICAL TERM
Topical term or geographic name entry element Economics
General subdivision Development
Geographic subdivision India
9 (RLIN) 91230
700 10 - ADDED ENTRY--PERSONAL NAME
Personal name Kapur, Devesh.
9 (RLIN) 91231
887 ## - NON-MARC INFORMATION FIELD
Source of data 8
Content of non-MARC field Papia Akter
888 ## -
-- 8
942 ## - ADDED ENTRY ELEMENTS (KOHA)
Source of classification or shelving scheme Library of Congress Classification
Koha item type Books
Suppress in OPAC No
Holdings
Withdrawn status Lost status Source of classification or shelving scheme Damaged status Not for loan Collection Home library Current library Shelving location Date acquired Source of acquisition Total Checkouts Full call number Barcode Date last seen Price effective from Koha item type
    Library of Congress Classification     Non-fiction Asian University for Women Library Mahsa Amini Library General Stacks 20/02/2026 Kamal Ahmad   HB3639.S6412 033351 03/03/2026 03/03/2026 Books